Problemas cotidianos de conducta en la infancia : intervención psicológica en el ámbito clínico y familiar /
Obra que se ocupa de los problemas infantiles de comportamiento desde la perspectiva del modelo conductual-cognoscitivo en psicopatología infantil. Tras presentar las características del modelo describe los principales problemas de conducta en el niño, las manera de influir en dicha conducta y las p...
I tiakina i:
| Kaituhi matua: | |
|---|---|
| Ētahi atu kaituhi: | |
| Hōputu: | Pukapuka |
| Reo: | Pāniora |
| I whakaputaina: |
Madrid, España :
Pirámide,
2002, c2002
|
| Rangatū: | (Ojos Solares. Tratamiento)
|
| Ngā marau: | |
| Ngā Tūtohu: |
Kāore He Tūtohu, Me noho koe te mea tuatahi ki te tūtohu i tēnei pūkete!
|
MARC
| LEADER | 00000nam^a2200000^a^4500 | ||
|---|---|---|---|
| 001 | 000159297 | ||
| 005 | 20250521000000.0 | ||
| 009 | 20260310100644.86 | ||
| 020 | |a 84-368-1644-7 | ||
| 037 | |a Acervo ITESO - Biblioteca | ||
| 041 | |a ESP | ||
| 082 | |a 155. 418 |b MAC | ||
| 100 | |a Macià Antón, Diego |e (autor) | ||
| 245 | 1 | 0 | |a Problemas cotidianos de conducta en la infancia : |b intervención psicológica en el ámbito clínico y familiar / |c D. Macià Antón ; pról. de F.X. Méndez Carrillo. |
| 264 | 4 | |a Madrid, España : |b Pirámide, |c 2002, c2002 | |
| 300 | |a 247 p. | ||
| 336 | |a texto |b txt |2 rdacontenido | ||
| 337 | |a sin mediación |b n |2 rdamedio | ||
| 338 | |a volumen |b nc |2 rdasoporte | ||
| 440 | 1 | |a (Ojos Solares. |p Tratamiento) | |
| 520 | |a Obra que se ocupa de los problemas infantiles de comportamiento desde la perspectiva del modelo conductual-cognoscitivo en psicopatología infantil. Tras presentar las características del modelo describe los principales problemas de conducta en el niño, las manera de influir en dicha conducta y las posibilidades de intervención en el ámbito familiar. | ||
| 649 | |a XX | ||
| 650 | |a Niños - |x Condiciones Psicológicas | ||
| 650 | |a Relaciones Padres-Hijos | ||
| 650 | |a Relaciones Familiares | ||
| 650 | |a Fobias | ||
| 650 | |a Ansiedad | ||
| 650 | |a Enuresis | ||
| 650 | |a Encopresis | ||
| 650 | |a Trastornos de Conducta | ||
| 650 | |a Modificación de Conducta | ||
| 650 | |a Psicopatología | ||
| 650 | |a Terapia Conductual-Cognoscitiva | ||
| 650 | |a Psicoterapia | ||
| 650 | |a Psicología Clínica | ||
| 650 | |a Psicología Evolutiva | ||
| 700 | |a Méndez Carrillo, Francisco Xavier |e (prólogo) | ||
| 910 | |a Fondo General | ||
| 920 | |a Impresos - Libros | ||
| 930 | |a Colección General | ||
| 905 | |a 101 | ||
| 901 | |a 0500091097 |b IT1 |c ACC |u 20250521 | ||
| 902 | |a https://opac.biblio.iteso.mx/vufind/Record/000159297 | ||